| 000 -CABECERA |
| Longitud fija campo de control |
00639nam a2200193 a 4500 |
| 001 - NÚMERO DE CONTROL |
| Número de control |
1291 |
| 003 - IDENTIFICADOR DEL NÚMERO DE CONTROL |
| Identificador del número de control |
CDMR |
| 005 - FECHA Y HORA DE LA ÚLTIMA TRANSACCIÓN |
| Fecha y hora de la última transacción |
20131001103105.0 |
| 008 - CÓDIGOS DE INFORMACIÓN DE LONGITUD FIJA |
| Códigos de información de longitud fija |
130130s1990||||||||||||||||||||||||||||d |
| 040 ## - FUENTE DE LA CATALOGACIÓN |
| Centro catalogador de origen |
CDMR |
| Lengua de catalogación |
cat |
| Centro transcriptor |
CDMR |
| 100 1# - PUNTO DE ACCESO PRINCIPAL-NOMBRE DE PERSONA |
| Nombre de persona |
Watson, Robert |
| 9 (RLIN) |
1006 |
| 245 10 - MENCIÓN DE TÍTULO |
| Título |
Film and television in education |
| Resto del título |
: an aesthetic approach to the moving image |
| Mención de responsabilidad, etc. |
Robert Watson |
| 260 ## - PUBLICACIÓN, DISTRIBUCIÓN, ETC. (PIE DE IMPRENTA) |
| Lugar de publicación, distribución, etc. |
London |
| Fecha de publicación, distribución, etc. |
1990 |
| Nombre del editor, distribuidor, etc. |
The Falmer Press |
| 300 ## - DESCRIPCIÓN FÍSICA |
| Extensión |
180 p ; |
| Dimensiones |
24 cm |
| 490 0# - MENCIÓN DE SERIE |
| Mención de serie |
Falmer Press library on aesthetic education |
| 650 04 - PUNTO DE ACCESO ADICIONAL DE MATERIA - TÉRMINO DE MATERIA |
| 9 (RLIN) |
2782 |
| Término de materia o nombre geográfico como elemento inicial |
Televisió en l'ensenyament |
| Subdivisión geográfica |
Regne Unit |
| 650 04 - PUNTO DE ACCESO ADICIONAL DE MATERIA - TÉRMINO DE MATERIA |
| 9 (RLIN) |
3081 |
| Término de materia o nombre geográfico como elemento inicial |
Mitjans de comunicació de massa i educació |
| 942 ## - ENTRADA DE ELEMENTOS AGREGADOS (KOHA) |
| Koha [por defecto] tipo de item |
Monografies |
| Fuente de clasificaión o esquema |
|